00605nam a2200193Ia 4500008004100000020001500041082001700056100004000073245003400113250000800147260003500155300003000190500001900220600002700239650001500266942000700281952010800288999001500396240925s9999 xx 000 0 und d a007027410x a621.3192 HAY aHayt, William H.; Kemmerly, Jack E. 0aEngineering Circuit Analysis  a5th aNew York:bMcGraw-Hillc,1993. axxxii,827p.bNAfOriginal aIncludes Index aElectronic Engineering aTechnology cBK 001040708ELaUITUbUITUd2001-03-26eNAl0o621.3192 HAYpQ3636r2024-09-25 07:13:13w2024-09-25yBK c6135d6135